Religion Quiz

Random Religion Quiz

7 Memory Verses, April 2010 Quiz Stats

 Plays Quiz not verified by Sporcle

Challenge
Share
Tweet
Embed
Score 0/7 Timer 15:00
0 Plays Today
book, chapter, verse, first words NIV scripture % Correct
Psalm 119:11, I have hiddenI have hidden your word in my heart that I might not sin against you.
98.6%
Genesis 3:6, When the woman...When the woman saw that the fruit of the tree was good for food and pleasing to the eye, and also desirable for gaining wisdom, she took some and ate it.
95.8%
Joshua 1:9, ''The Lord your God....''''The Lord your God will be with you wherever you go.''
95.8%
Psalm 119:105, Your word isYour word is a lamp to my feet and a light for my path.
95.8%
John 21:16, Jesus said, ''Simon....''Jesus said, ''Simon son of John, do you truly love me?'' He answered, ''Yes, Lord, you know that I love you.'' Jesus said, ''Take care of my sheep.''
94.4%
John 14:3, ''I will come back....''''I will come back and take you to be with me that you also may be where I am.''
93%
John 14:16, ''I will ask....''''I will ask the Father, and he will give you another Counselor to be with you forever--the Spirit of truth.''
90.1%

You're not logged in!

Compare scores with friends on all Sporcle quizzes.
OR
Log In

You Might Also Like...

Show Comments

Extras

Created Apr 17, 2010ReportNominate
Tags:memorizing scripture

Top Quizzes Today


Score Distribution

Your Account Isn't Verified!

In order to create a playlist on Sporcle, you need to verify the email address you used during registration. Go to your Sporcle Settings to finish the process.

Report this User

Report this user for behavior that violates our Community Guidelines.

Details: